| 000 | 00694cam a2200229 a 4500 | ||
|---|---|---|---|
| 001 | 3459691 | ||
| 005 | 20231128001216.0 | ||
| 008 | 920728s1991 ii a 001 0 eng | ||
| 020 | _a0195628365 | ||
| 040 |
_aDLC _cDLC _dDLC |
||
| 082 |
_222 _a305.4 _bMAL. |
||
| 100 | 1 | _aKarlekar, Malavika. | |
| 245 | 1 | 0 |
_aVoices from within : _bearly personal narratives of Bengali women / _cMalavika Karlekar. |
| 260 |
_aDelhi ; _aNew York : _bOxford University Press, _c1991. |
||
| 300 | _axviii, 227 p. | ||
| 490 | 1 | _aWomen's studies | |
| 650 | 0 | _aWomen, Bengali | |
| 650 | 0 | _aWomen, Bengali | |
| 650 | 0 | _aSex role | |
| 856 | 4 | 2 | _uhttp://www.loc.gov/catdir/enhancements/fy0637/92191836-d.html |
| 942 | _cL | ||
| 999 |
_c93 _d93 |
||